| 000 | 01380nam a2200349 a 4500 | ||
|---|---|---|---|
| 001 | ebr10588343 | ||
| 003 | CaPaEBR | ||
| 006 | m u | ||
| 007 | cr cn||||||||| | ||
| 008 | 971203s1998 gw a sb 001 0 eng d | ||
| 010 | _z 97046863 | ||
| 020 | _z3110161001 (cloth alk. paper) | ||
| 020 | _z3110154315 (pbk. alk. paper) | ||
| 020 | _z9783110161007 | ||
| 020 | _z9783110806984 (e-book) | ||
| 040 |
_aCaPaEBR _cCaPaEBR |
||
| 035 | _a(OCoLC)811372514 | ||
| 050 | 1 | 4 |
_aQP483 _b.C646 1998eb |
| 082 | 0 | 4 |
_a612.8/4 _221 |
| 245 | 0 | 0 |
_aColor vision _h[electronic resource] : _bperspectives from different disciplines / _ceditors, Werner G.K. Backhaus, Reinhold Kliegl, John S. Werner. |
| 260 |
_aBerlin ; _aNew York : _bWalter de Gruyter, _c1998. |
||
| 300 |
_axv, 343 p. : _bill. (some col.) |
||
| 504 | _aIncludes bibliographical references and index. | ||
| 533 |
_aElectronic reproduction. _bPalo Alto, Calif. : _cebrary, _d2011. _nAvailable via World Wide Web. _nAccess may be limited to ebrary affiliated libraries. |
||
| 650 | 0 | _aColor vision. | |
| 655 | 7 |
_aElectronic books. _2local |
|
| 700 | 1 | _aBackhaus, Werner. | |
| 700 | 1 |
_aKliegl, Reinhold, _d1953- |
|
| 700 | 1 | _aWerner, John Simon. | |
| 710 | 2 | _aebrary, Inc. | |
| 856 | 4 | 0 |
_uhttp://site.ebrary.com/lib/rucke/Doc?id=10588343 _zAn electronic book accessible through the World Wide Web; click to view |
| 999 |
_c207954 _d207954 |
||